00462nam a2200145Ia 4500100001800000650002700018942000700045654002500052245004200077260003300119082001300152546001200165999001700177952012200194 aTaylor /F.J.  aElectrical Engineering cBK aSignals & structures aPrinciples of Signals & Structures bMc Graw HillaNew Yorkc1994 a621.3822 aENGLISH c30919d30919 001040708CRCaCRCEbCRCEd2023-03-17eglobal booksg464.00l0o621.3822 p6903r2023-03-17v464.00w2023-03-17yBK